00713nam a2200205 a 450000100060000000300080000600500170001400800390003103500190007004000320008904100080012108200180012910000290014724501620017625000120033826000570035030000280040765000270043570000450046229945BD-RjUL20211209051503.0140408r19511888enk 000 0 eng a(BD-RjUL)30030 aDLCcDLCdDLCdBD-RjULbeng aeng00a128bHUT 19511 aHume, David,d1711-1776.12aA treatise of human nature /cby David Hume ; Reprinted from the original edition in three volumes and edited with an analytical index by L. A. Selby-Bigge. a1st ed. a Oxford :b Clarendon Press,c1888 [Reprinted 1951]. axxiii, 709 p. ;c20 cm. 0aKnowledge, Theory of.  aSelby-Bigge, L. A. (Lewis Amherst), ed.